| 000 | 01147cam a2200289 a 4500 | ||
|---|---|---|---|
| 001 | 104471 | ||
| 005 | 20230410123609.0 | ||
| 008 | 110110s2010 fr b 100 0 fre | ||
| 035 | _a16639209 | ||
| 020 | _a9782296137875 | ||
| 040 |
_aDLC _cDLC |
||
| 041 | _afre | ||
| 050 | 1 | 4 |
_aKJV 5526 _bP314 2010 |
| 082 | 0 | 0 | _a344.44094 |
| 245 | 0 | 3 |
_aLe patrimoine culturel au risque de l'immateriel : _benjeux juridiques, culturels, économiques : actes du colloque organisé par l'Institut national du patrimoine áa Paris les 3 et 4 avril 2008 / _csous la direction de Francoise Benhamou et Marie Cornu. |
| 260 |
_aParis : _bHarmattan, _cc2010. |
||
| 300 |
_a147 p. ; _c24 cm. |
||
| 490 | 0 | _aDroit du patrimoine culturel et naturel | |
| 504 | _aIncludes bibliographical references. | ||
| 650 | 0 |
_aCultural property _xProtection _xLaw and legislation _zFrance _vCongresses. |
|
| 650 | 0 |
_aCopyright and electronic data processing _zFrance _vCongresses. |
|
| 650 | 4 |
_aPatrimonio cultural inmaterial _xLegislación _zFrancia |
|
| 700 | 1 | _aBenhamou, Francoise. | |
| 700 | 1 | _aCornu, Marie. | |
| 923 |
_d20110126 _nB00113406 _s93001875 |
||
| 942 |
_2lcc _cbk |
||
| 999 |
_c64609 _d64609 |
||